| 000 | 00660nam a22002297a 4500 | ||
|---|---|---|---|
| 005 | 20180608131134.0 | ||
| 008 | 180608b xxu||||| |||| 00| 0 eng d | ||
| 010 | _aA-937992 | ||
| 020 |
_c0.00 _a8122411460 |
||
| 035 | _aA-937992 | ||
| 037 | _bBPPD/PUB | ||
| 040 |
_adpl _bEnglish |
||
| 082 | _a515.33 | ||
| 100 | _aDhami, H. S. | ||
| 245 |
_aDifferential calculus / _cby H. S. Dhami |
||
| 260 |
_aNew Delhi _bNew Age International _c1998 |
||
| 270 |
_bDelhi _a4835/24, Ansari Road, Daryaganj` _e110002 |
||
| 300 |
_axv, 400p. _c24cm (Hb) |
||
| 500 | _aIndex | ||
| 650 | _aDifferential calculus | ||
| 942 |
_2ddc _cEN _mDHA _h515.33 |
||
| 999 |
_c152608 _d152608 |
||